000 01254nam a2200301 a 4500
001 000043799
003 DO-SdBNP
005 20250307084558.0
008 140501s2014 dr a 000 0 spa d
020 _a9789945080285
040 _aDO-SdBNP
_bspa
_cBNPHU
082 _a155.87293
_bS237i
100 1 _aSantos Ramírez, José Ricardo
_971636
245 1 0 _aIdentidad y desconstrucción simbólica de la nacionalidad Dominicana :
_bBalaguer, la prensa y la cuestión haitiana /
_cJosé Ricardo Santos Ramírez.
260 _aSanto Domingo :
_bNani,
_c2014.
300 _a169 p. :
_bil. ;
_c22 cm.
500 _aIncluye bibliografía y notas al pie de páginas.
504 _aBibliografía : p. 163-169
590 _aInventariado, 2018/LP
600 1 0 _a Balaguer, Joaquín,
_d1906-2002
_tLa isla al revés : Haití y el destino dominicano
_xCrítica e interpretación
_976556
650 1 4 _aIdentidad nacional
_zRepública Dominicana
_934479
650 1 4 _aHaitianos en república dominicana
_92246
650 1 4 _aNacionalismo y cultura
_922911
650 1 4 _aDiarios dominicanos
_xSecciones, columnas, etc.
_944
651 1 4 _aRepública Dominicana
_xCaracterísticas nacionales
_91720
910 _aValidado. Control de calidad EMS
942 _2ddc
_cLBS1
999 _c43288
_d43288